| 000 | 00418nam a2200181Ia 4500 | ||
|---|---|---|---|
| 001 | 15189 | ||
| 005 | 20260306165009.0 | ||
| 008 | 260306t2005||||xx |||||||||||||| ||spa|| | ||
| 041 | _aESP | ||
| 082 |
_a530 _bT58 V. 1 |
||
| 100 |
_aTipler, Paul A. _eAUT |
||
| 245 | 0 |
_aFísica: _bpara la ciencia y la tecnología |
|
| 260 | _c2005 | ||
| 300 |
_a _c |
||
| 650 | _aGEN | ||
| 654 | _aCCN | ||
| 942 |
_cLIB _dJUS _fJUS _2ddc _n |
||
| 999 |
_c15189 _d15189 |
||